01224nam a2200229Ia 4500008004100000020001500041050001800056245009900074250001900173260003400192300003100226504003200257505045800289650002400747650002800771650003100799650002500830700003000855700004300885700003200928700003400960120625s2001 mx 001 0 spa d a9681860527 4aHG3851 bM35 03aEl manejo del riesgo cambiario b : las opciones sobre divisas c / Marc Chesney... [et. al.]  a1a. edición  aMéxicob : Limusa c , 2001 a179 páginas c ; 23 cm.  aBibliografía: pp. 175-1790 a¿Porqué las empresas utilizan los derivados financieros cambiarios? Marco institucional Experiencias de derivados en Latinoamérica: mercados emergentes Valuación y coeficientes de cobertura Opciones de segunda generación Usos que hacen las empresas de las opciones de divisas Usos que hacen los bancos de las opciones de divisas Una aplicación de opciones de divisas en México: acumulación de reservas por parte del Banco de México 4aCAMBIOS (FINANZAS)  4aOPCIONES (FINANZAS) 2  4aCONVERTIBILIDAD MONETARIA  4aMERCADO DE CAPITALES1 aChesney, Marc e , autor 1 aHernández Trillo, Fausto e , autor 1 aMarois, Bernard e , autor 1 aWojakowski, Rafal e , autor